ਨਿਰਮਲਾ / (Record no. 81310)
[ view plain ]
| 000 -LEADER | |
|---|---|
| fixed length control field | 01159nam a22002777a 4500 |
| 005 - DATE AND TIME OF LATEST TRANSACTION | |
| control field | 20180212153014.0 |
| 008 - FIXED-LENGTH DATA ELEMENTS--GENERAL INFORMATION | |
| fixed length control field | 131126b xxu||||| |||| 00| 0 eng d |
| 010 ## - LCCN (DPL NO) | |
| LC control number | PUN-7766 B-578037-040 B-669992 |
| 020 ## - INTERNATIONAL STANDARD BOOK NUMBER | |
| Terms of availability | 200.00 |
| International Standard Book Number | 9789350177396 |
| 035 ## - SYSTEM CONTROL NUMBER | |
| System control number | PN-6884 B-578037-040 |
| 035 ## - SYSTEM CONTROL NUMBER | |
| System control number | B-669992 |
| 037 ## - SOURCE OF ACQUISITION | |
| Source of stock number/acquisition | DBAD / PUB |
| 037 ## - SOURCE OF ACQUISITION | |
| Source of stock number/acquisition | Unistar Books |
| 037 ## - SOURCE OF ACQUISITION | |
| Source of stock number/acquisition | BPPD/VEN/Reserchco Books |
| 040 ## - CATALOGING SOURCE | |
| Original cataloging agency | dpl |
| Language of cataloging | pn |
| 082 ## - DEWEY DECIMAL CLASSIFICATION NUMBER | |
| Classification number | ਓ |
| 100 ## - MAIN ENTRY--PERSONAL NAME | |
| Personal name | ਪ੍ਰੇਮ ਚੰਦ |
| 245 ## - TITLE STATEMENT | |
| Title | ਨਿਰਮਲਾ / |
| Statement of responsibility, etc | ਪ੍ਰੇਮ ਚੰਦ , ਪ੍ਰੇਮ ਪ੍ਰਕਾਸ ਦ੍ਵਾਰਾ ਅਨੁਦਿਤ |
| 246 ## - VARYING FORM OF TITLE | |
| Title proper/short title | Nirmala |
| Remainder of title | by Prem Chand |
| 260 ## - PUBLICATION, DISTRIBUTION, ETC. (IMPRINT) | |
| Place of publication, distribution, etc | Chandigarh |
| Name of publisher, distributor, etc | Unistar Books |
| Date of publication, distribution, etc | 2011 |
| 270 ## - ADDRESS | |
| City | Chandigarh |
| Address | sco-26-27, sector-34 A |
| Telephone number | 0172-5077427- 9815471219 |
| Postal code | 160022 |
| 300 4# - PHYSICAL DESCRIPTION | |
| Extent | 182p. |
| Dimensions | 22ਸੇਂਮੀ (ਸਜਿਲੱਦ) |
| 942 ## - ADDED ENTRY ELEMENTS (KOHA) | |
| Source of classification or shelving scheme | Dewey Decimal Classification |
| Item type | Punjabi Bks |
| Classification part | ਓ |
| Call number suffix | ਪ੍ਰੇਮਚੰ |
| Withdrawn status | Lost status | Source of classification or shelving scheme | Damaged status | Not for loan | Collection code | Home library | Current library | Date acquired | Source of acquisition | Cost, normal purchase price | Total Checkouts | Full call number | Barcode | Date last seen | Copy number | Cost, replacement price | Koha item type | Total Renewals |
|---|---|---|---|---|---|---|---|---|---|---|---|---|---|---|---|---|---|---|
| Dewey Decimal Classification | Fiction | Ashok Vihar | Ashok Vihar | 07/06/2017 | BPPD/163/27-8-14/41629/18-9-14/8-10-14 | 200.00 | 1 | ਓ ਪ੍ਰੇਮਚੰ | B-669992 | 28/06/2019 | 1 | 200.00 | Punjabi Bks | 1 | ||||
| Dewey Decimal Classification | Fiction | Central Library | Central Library | 11/09/2015 | BPPD/163/27-8-14/41629/18-9-14/8-10-14 | 200.00 | ਓ ਪ੍ਰੇਮਚੰ | B-578037 | 11/09/2015 | 1 | 200.00 | Punjabi Bks | ||||||
| Dewey Decimal Classification | Fiction | D.B.Act.Division | D.B.Act.Division | 19/12/2013 | DBAD | 200.00 | ਓ ਪ੍ਰੇਮਚੰ | PN-6884 | 19/12/2013 | 1 | 200.00 | Punjabi Bks | ||||||
| Dewey Decimal Classification | Fiction | Patel Nagar | Patel Nagar | 11/09/2015 | BPPD/163/27-8-14/41629/18-9-14/8-10-14 | 200.00 | ਓ ਪ੍ਰੇਮਚੰ | B-578038 | 11/09/2015 | 1 | 200.00 | Punjabi Bks | ||||||
| Dewey Decimal Classification | Fiction | Sarojini Nagar | Sarojini Nagar | 11/09/2015 | BPPD/163/27-8-14/41629/18-9-14/8-10-14 | 200.00 | ਓ ਪ੍ਰੇਮਚੰ | B-578039 | 11/09/2015 | 1 | 200.00 | Punjabi Bks | ||||||
| Dewey Decimal Classification | Fiction | Shahdara Branch | Shahdara Branch | 11/09/2015 | BPPD/163/27-8-14/41629/18-9-14/8-10-14 | 200.00 | ਓ ਪ੍ਰੇਮਚੰ | B-578040 | 11/09/2015 | 1 | 200.00 | Punjabi Bks |
